[Event "TUR-chT Clubs"]
[Site "Konya"]
[Date "2019.07.20"]
[Round "8.26"]
[White "Demir, Berk"]
[Black "Polatkan, Eren Yigit"]
[Result "1/2-1/2"]
[WhiteElo "1253"]
[BlackElo "1168"]
[PlyCount "84"]
[EventDate "2019.07.16"]
[EventType "team-swiss"]
[EventRounds "9"]
[EventCountry "TUR"]
[SourceTitle "CBM 191 Extra"]
[Source "ChessBase"]
[SourceDate "2019.09.30"]
[SourceVersion "1"]
[SourceVersionDate "2019.09.30"]
[SourceQuality "1"]
[WhiteTeam "Karaman Genclik"]
[BlackTeam "Nigde"]
[WhiteTeamCountry "TUR"]
[BlackTeamCountry "TUR"]

1. e4 e6 2. d4 d5 3. exd5 exd5 4. Nc3 c6 5. Nf3 Bg4 6. Be2 Nf6 7. 0-0 Bd6 8. h3 Bh5 9. Be3 Nbd7 10. Qd2 Qc7 11. Rfe1 0-0-0 12. Nh4 Bg6 13. Reb1 Bb4 14. Bd3 Ne4 15. Bxe4 Bxe4 16. a3 Be7 17. Nxe4 Bxh4 18. Bg5 Bxg5 19. Nxg5 Nf6 20. Re1 h6 21. Nf3 Ne4 22. Qd3 Qf4 23. Qe3 Qxe3 24. Rxe3 Rde8 25. Rae1 Nd6 26. Rxe8+ Rxe8 27. Rxe8+ Nxe8 28. Ne5 Nd6 29. Kf1 f6 30. Nd3 b6 31. Ke2 Nf7 32. c3 Kd7 33. Kf3 Ke6 34. Kg4 Nd6 35. Kf4 Ne4 36. g4 Ng5 37. h4 Ne4 38. Ke3 g5 39. h5 Nd6 40. f4 Nc4+ 41. Kf3 Ke7 42. fxg5 fxg5 1/2-1/2

[Event "TUR-chT Clubs"]
[Site "Konya"]
[Date "2019.07.19"]
[Round "6.20"]
[White "Ak, Ender"]
[Black "Polatkan, Eren Yigit"]
[Result "1-0"]
[WhiteElo "1429"]
[BlackElo "1168"]
[PlyCount "102"]
[EventDate "2019.07.16"]
[EventType "team-swiss"]
[EventRounds "9"]
[EventCountry "TUR"]
[SourceTitle "CBM 191 Extra"]
[Source "ChessBase"]
[SourceDate "2019.09.30"]
[SourceVersion "1"]
[SourceVersionDate "2019.09.30"]
[SourceQuality "1"]
[WhiteTeam "Duzce Siyah Beyaz"]
[BlackTeam "Nigde"]
[WhiteTeamCountry "TUR"]
[BlackTeamCountry "TUR"]

1. e4 e6 2. d4 d5 3. e5 c5 4. c3 Nc6 5. Nf3 Nge7 6. Be2 Qb6 7. b3 Ng6 8. 0-0 Be7 9. Be3 0-0 10. Bd3 Bd7 11. Bxg6 hxg6 12. Nbd2 Rac8 13. Qe2 Qc7 14. Rfc1 b5 15. dxc5 Nxe5 16. b4 Nxf3+ 17. Nxf3 a6 18. Qd2 Qd8 19. Bf4 Re8 20. Ne5 Bf6 21. Re1 Bc6 22. Nxc6 Rxc6 23. Be5 Bxe5 24. Rxe5 f6 25. Re2 Re7 26. Qc2 Qe8 27. Rd1 Rd7 28. f4 e5 29. fxe5 fxe5 30. Qb3 Qe6 31. Red2 Kh7 32. Rxd5 Rxd5 33. Qxd5 Qf6 34. Qf3 Kg8 35. Qxf6 gxf6 36. Rd7 Kf8 37. Kf2 Re6 38. Ke3 Ke8 39. Rd2 Ke7 40. Ke4 Rc6 41. Kd5 Rc8 42. Ke4 Rc6 43. g4 Ke6 44. h4 f5+ 45. Kf3 Kf6 46. gxf5 Kxf5 47. Rg2 Rf6 48. Ke3 Ke6 49. Rd2 Ke7 50. Ke4 Re6 51. Kd5 Kd7 1-0

[Event "TUR-chT Clubs"]
[Site "Konya"]
[Date "2019.07.17"]
[Round "2.18"]
[White "Polatkan, Eren Yigit"]
[Black "Erdem, Eren"]
[Result "0-1"]
[WhiteElo "1168"]
[BlackElo "1448"]
[PlyCount "67"]
[EventDate "2019.07.16"]
[EventType "team-swiss"]
[EventRounds "9"]
[EventCountry "TUR"]
[SourceTitle "CBM 191 Extra"]
[Source "ChessBase"]
[SourceDate "2019.09.30"]
[SourceVersion "1"]
[SourceVersionDate "2019.09.30"]
[SourceQuality "1"]
[WhiteTeam "Nigde"]
[BlackTeam "Bolu Dernegi"]
[WhiteTeamCountry "TUR"]
[BlackTeamCountry "TUR"]

1. e4 c5 2. Nf3 e6 3. d4 cxd4 4. Nxd4 a6 5. Nc3 Qc7 6. Bd3 Nf6 7. 0-0 Be7 8. Bd2 0-0 9. f4 d6 10. Nf3 Nbd7 11. Qe2 e5 12. Rfe1 Re8 13. Rad1 Nc5 14. Be3 b5 15. Qd2 Bb7 16. Bf2 Ng4 17. h3 Nxf2 18. Kxf2 Qb6 19. Kf1 exf4 20. Qxf4 Ne6 21. Qe3 Qxe3 22. Rxe3 Bf6 23. Be2 Rad8 24. Rd2 Nc5 25. Red3 Nxd3 26. Bxd3 Bxc3 27. bxc3 Rc8 28. Re2 Rxc3 29. Nh4 g6 30. Nf3 Ra3 31. Nd2 f6 32. Kf2 d5 33. Kf3 dxe4+ 34. Nxe4 0-1

[Event "TUR-chT2"]
[Site "Konya"]
[Date "2017.07.12"]
[Round "5.25"]
[White "Peker, Yavuz Selim"]
[Black "Polatkan, Eren Yigit"]
[Result "1-0"]
[WhiteElo "1427"]
[BlackElo "1174"]
[PlyCount "63"]
[EventDate "2017.07.09"]
[EventType "team-swiss"]
[EventRounds "9"]
[EventCountry "TUR"]
[SourceTitle "CBM 179 Extra"]
[Source "ChessBase"]
[SourceDate "2017.08.23"]
[SourceVersion "1"]
[SourceVersionDate "2017.08.23"]
[SourceQuality "1"]
[WhiteTeam "Edeler Gorme"]
[BlackTeam "Nigde"]
[WhiteTeamCountry "TUR"]
[BlackTeamCountry "TUR"]

1. e4 e6 2. d4 d5 3. exd5 exd5 4. Bd3 Nf6 5. c3 c5 6. Ne2 Nc6 7. 0-0 Qb6 8. Re1 Be7 9. dxc5 Bxc5 10. Nf4+ Ne7 11. Qe2 0-0 12. b4 Bd6 13. Nh5 Kh8 14. Nxf6 gxf6 15. Qf3 Be5 16. Bf4 Qd6 17. Qh5 Ng6 18. Bxe5 fxe5 19. Rxe5 Qxe5 20. Bxg6 Qxh5 21. Bxh5 Bf5 22. Na3 a6 23. Rd1 Rad8 24. c4 dxc4 25. Rxd8 Rxd8 26. Nxc4 Rd1+ 27. Bxd1 Be6 28. Bb3 Bxc4 29. Bxc4 Kg7 30. a4 Kf6 31. Bd5 b6 32. a5 1-0